What Taylor Swift Songs are REAL (Red) - Statistics

General Stats
  • This quiz has been taken 59 times
  • The average score is 7 of 9
Answers on the Grid
Answers color-coded by a green-red scale on the quiz's grid according to % correct below.
Roman
23
ME!
Nothing New
New Girl
Sent To You
Reds
White Horse
Karma
Red
21
Nonsense
The First Night
22
Baby
Message In A Bottle
Messages
Get Out
State Of Grace
Happens Again
Hard Times
Ronan
Run
All Is Well
All Mine Now
Clean
I Bet She's With You
All Too Well
Dress
Babe
 
Answer Stats
Answer % Correct
Nothing New
86%
22
84%
Red
81%
Message In A Bottle
79%
All Too Well
77%
State Of Grace
77%
Ronan
70%
Run
67%
Babe
65%
No matching quizzes found
Score Distribution
Percent of People with Each Score
Percentile by Number Answered
Your Score History
You have not taken this quiz